| 000 | 01065nam a22002775a 4500 | ||
|---|---|---|---|
| 003 | OSt | ||
| 005 | 20170305154330.0 | ||
| 008 | 170226s2007 ua frb 000 0 ara d | ||
| 015 | _a2007 / 4092 | ||
| 020 | _a9772573601 | ||
| 040 |
_aEG-ScBUE _bara _cEG-ScBUE |
||
| 043 | _af-ua--- | ||
| 082 | 0 | 4 |
_222 _a347.62 _bد ر و |
| 100 | 1 |
_a درويش، محمد فهيم. _941151 |
|
| 245 | 1 | 0 |
_aفن القضاء : _bالنظرية والتطبيق : أصول المحاكمات المدنية والجنائية / _cمحمد فهيم درويش. |
| 246 | 3 | 4 |
_aفن القضاء بين النظرية والتطبيق : _bالمحاكمات المدنية والجنائية |
| 250 | _aط. 1. | ||
| 260 |
_aالقاهرة : _bدار النهضة العربية، _c2007. |
||
| 300 |
_a854 ص. ؛ _c24 سم. |
||
| 504 | _aيشتمل على إرجاعات ببليوجرافية. | ||
| 650 | 7 |
_2BUEsh _aالقضاء _zمصر. _931125 |
|
| 650 | 7 |
_2BUEsh _aالسلطة القضائية _zمصر. |
|
| 651 | _2BUEsh | ||
| 653 |
_bLLAAWW _cMarch2017 |
||
| 942 | _2ddc | ||
| 999 |
_c24329 _d24301 |
||